[Event "EU-Cup Online Gr-C"]
[Site "Tornelo INT"]
[Date "2021.03.28"]
[Round "8.4"]
[White "De Mon, Gino"]
[Black "Ponkratov, Pavel"]
[Result "0-1"]
[WhiteElo "2060"]
[BlackElo "2619"]
[PlyCount "90"]
[EventDate "2021.03.27"]
[EventType "team-tourn (rapid)"]
[EventRounds "9"]
[EventCountry "NET"]
[SourceTitle "CBM 201 Extra"]
[Source "ChessBase"]
[SourceDate "2021.05.31"]
[SourceVersion "1"]
[SourceVersionDate "2021.05.31"]
[SourceQuality "1"]
[WhiteTeam "Limburg Zuid"]
[BlackTeam "Mednyi Vsadnik"]
[WhiteTeamCountry "NED"]
[BlackTeamCountry "RUS"]

1. d4 Nf6 2. c4 e6 3. Nf3 b6 4. g3 Bb7 5. Bg2 Be7 6. Nc3 Ne4 7. 0-0 Nxc3 8. bxc3 0-0 9. a4 Be4 10. a5 Nc6 11. axb6 cxb6 12. Nd2 Bxg2 13. Kxg2 Qc7 14. e4 Rfc8 15. Qe2 Na5 16. c5 bxc5 17. Ba3 Bf8 18. d5 exd5 19. exd5 Re8 20. Qg4 Qe5 21. c4 Qe2 22. Qxe2 Rxe2 23. Bc1 Nb7 24. Nb3 Rc2 25. Ra4 Rc3 26. Nd2 Nd6 27. Bb2 Rc2 28. Bc1 a5 29. Kf3 h5 30. h4 Rc3+ 31. Ke2 g6 32. Bb2 Rc2 33. Be5 Re8 34. f4 Bh6 35. Kd3 Rxd2+ 36. Kxd2 Rxe5 37. Kd3 Re4 38. Rd1 Bg7 39. Rc1 Rd4+ 40. Ke2 Re4+ 41. Kd3 Bd4 42. Rxa5 Re3+ 43. Kd2 Rxg3 44. Ra8+ Kg7 45. Rd8 Be3+ 0-1

[Event "EU-Cup Online Gr-C"]
[Site "Tornelo INT"]
[Date "2021.03.27"]
[Round "3.3"]
[White "Wachinger, Nikolas"]
[Black "De Mon, Gino"]
[Result "1-0"]
[WhiteElo "2369"]
[BlackElo "2060"]
[PlyCount "27"]
[EventDate "2021.03.27"]
[EventType "team-tourn (rapid)"]
[EventRounds "9"]
[EventCountry "NET"]
[SourceTitle "CBM 201 Extra"]
[Source "ChessBase"]
[SourceDate "2021.05.31"]
[SourceVersion "1"]
[SourceVersionDate "2021.05.31"]
[SourceQuality "1"]
[WhiteTeam "Werder Bremen"]
[BlackTeam "Limburg Zuid"]
[WhiteTeamCountry "GER"]
[BlackTeamCountry "NED"]

1. e4 c5 2. Nf3 d6 3. Bb5+ Nd7 4. d4 cxd4 5. Qxd4 a6 6. Bxd7+ Bxd7 7. Nc3 Nf6 8. Bg5 e6 9. 0-0-0 Rc8 10. e5 dxe5 11. Nxe5 Rc7 12. Ne4 h6 13. Bxf6 gxf6 14. Nxd7 1-0

[Event "Leuven op"]
[Site "Leuven"]
[Date "2019.11.09"]
[Round "3"]
[White "Tomov, Georgi"]
[Black "De Mon, Gino"]
[Result "1-0"]
[WhiteElo "2303"]
[BlackElo "2039"]
[PlyCount "55"]
[EventDate "2019.11.08"]
[EventType "swiss"]
[EventRounds "7"]
[EventCountry "BEL"]
[SourceTitle "CBM 193 Extra"]
[Source "ChessBase"]
[SourceDate "2020.01.31"]
[SourceVersion "1"]
[SourceVersionDate "2020.01.31"]
[SourceQuality "1"]

1. d4 Nf6 2. Nf3 e6 3. Bf4 d5 4. e3 Be7 5. Bd3 0-0 6. Ne5 c5 7. c3 Nc6 8. Nd2 Qb6 9. Rb1 Bd7 10. h4 Rfd8 11. h5 Be8 12. Qf3 Rac8 13. h6 g6 14. Nxc6 Rxc6 15. Bg5 cxd4 16. cxd4 Rdc8 17. Bxf6 Bb4 18. Qd1 Qa5 19. a3 Rc1 20. axb4 Rxd1+ 21. Kxd1 Qxb4 22. Rc1 Rxc1+ 23. Kxc1 a5 24. Kc2 a4 25. Ra1 Qd6 26. Ra3 Qh2 27. Rc3 Bd7 28. Bb5 1-0

[Event "Maastricht Limburg op-B 9th"]
[Site "Maastricht"]
[Date "2015.05.25"]
[Round "6"]
[White "De Mon, Gino"]
[Black "Jansen, Ingeborg"]
[Result "1/2-1/2"]
[WhiteElo "1855"]
[BlackElo "1840"]
[PlyCount "81"]
[EventDate "2015.05.22"]
[EventType "swiss"]
[EventRounds "7"]
[EventCountry "NED"]
[SourceTitle "EXT 2016"]
[Source "ChessBase"]
[SourceDate "2015.10.08"]
[SourceVersion "1"]
[SourceVersionDate "2015.10.08"]
[SourceQuality "1"]

1. c4 e5 2. g3 d6 3. Nc3 f5 4. Nf3 Nf6 5. d4 e4 6. Nh4 g6 7. Bg5 Bg7 8. e3 Be6 9. f3 exf3 10. Qxf3 Nbd7 11. Bd3 Bf7 12. 0-0 h6 13. Bxf6 Bxf6 14. e4 Bxd4+ 15. Kg2 Ne5 16. Qe2 f4 17. Nd5 c6 18. Nxf4 Qd7 19. Nf3 Bb6 20. Nxe5 dxe5 21. Nh3 0-0-0 22. Rad1 Be6 23. Nf2 h5 24. c5 Bxc5 25. Bc4 Bd4 26. b3 g5 27. a4 g4 28. Bxe6 Qxe6 29. b4 Rhf8 30. b5 c5 31. h3 Bxf2 32. Rxd8+ Kxd8 33. Rxf2 gxh3+ 34. Kh2 Rxf2+ 35. Qxf2 b6 36. a5 Ke7 37. Qd2 Qg4 38. Qd5 Qe6 39. Qd2 Qg4 40. Qd5 Qe6 41. Qd2 1/2-1/2

[Event "Maastricht Limburg op-C 8th"]
[Site "Maastricht"]
[Date "2014.06.07"]
[Round "2"]
[White "Stiefel, Marika"]
[Black "De Mon, Gino"]
[Result "0-1"]
[WhiteElo "1621"]
[BlackElo "1744"]
[PlyCount "54"]
[EventDate "2014.06.06"]
[EventType "swiss"]
[EventRounds "7"]
[EventCountry "NED"]
[SourceTitle "EXT 2015"]
[Source "ChessBase"]
[SourceDate "2014.11.20"]
[SourceVersion "1"]
[SourceVersionDate "2014.11.20"]
[SourceQuality "1"]

1. d4 Nf6 2. Nf3 g6 3. e3 Bg7 4. Bd3 0-0 5. 0-0 d6 6. b3 Nc6 7. Bb2 Bg4 8. Nbd2 e5 9. dxe5 dxe5 10. e4 Nd7 11. h3 Be6 12. Bc4 Qe7 13. a4 Nd4 14. Bxe6 Nxe6 15. Nc4 Nf4 16. Ba3 Nc5 17. Re1 Rfd8 18. Qb1 Rd7 19. Kh2 Rad8 20. b4 Nxa4 21. g3 Nh5 22. Qb3 b5 23. Na5 Qf6 24. Qe3 Bh6 25. Qe2 Nc3 26. Nxe5 Nxe2 27. Rxe2 Qxe5 0-1

[Event "Maastricht Limburg op-C 6th"]
[Site "Maastricht"]
[Date "2012.05.25"]
[Round "1"]
[White "De Mon, Gino"]
[Black "Beissel, Daniel"]
[Result "0-1"]
[WhiteElo "1172"]
[BlackElo "1611"]
[PlyCount "40"]
[EventDate "2012.05.25"]
[EventType "swiss"]
[EventRounds "7"]
[EventCountry "NED"]
[SourceTitle "EXT 2013"]
[Source "ChessBase"]
[SourceDate "2012.11.22"]
[SourceVersion "1"]
[SourceVersionDate "2012.11.22"]
[SourceQuality "1"]

1. e4 c5 2. Nf3 Nc6 3. Bb5 g6 4. Bxc6 bxc6 5. 0-0 d5 6. e5 Bg7 7. c3 Ba6 8. Re1 Bd3 9. Ng5 Nh6 10. Qf3 c4 11. b3 Rb8 12. Na3 Qc7 13. bxc4 dxc4 14. e6 f6 15. Ne4 Qb6 16. Qe3 Qa5 17. Nc5 Nf5 18. Nb3 Rxb3 19. Qxd3 cxd3 20. axb3 Qd5 0-1

[Event "Twente Young Master op-D"]
[Site "Twente"]
[Date "2007.08.10"]
[Round "12"]
[White "Eggink, Mateusz"]
[Black "De Mon, Gino"]
[Result "1-0"]
[WhiteElo "600"]
[BlackElo "1207"]
[PlyCount "51"]
[EventDate "2007.08.06"]
[EventType "swiss"]
[EventRounds "13"]
[EventCountry "NED"]
[SourceTitle "EXT 2008"]
[Source "ChessBase"]
[SourceDate "2007.11.25"]
[SourceVersion "1"]
[SourceVersionDate "2007.11.25"]
[SourceQuality "1"]

1. e4 e5 2. Nf3 Nc6 3. Bc4 Bc5 4. d3 Nf6 5. Nc3 d6 6. 0-0 Bg4 7. h3 Bh5 8. Be3 Bd4 9. Re1 0-0 10. Kh1 Qd7 11. Kh2 h6 12. Rg1 Kh7 13. Qd2 Rg8 14. Bxd4 Bxf3 15. Be3 Nd4 16. Bxd4 exd4 17. gxf3 dxc3 18. Qxc3 Nh5 19. Qa5 Nf4 20. Qf5+ Qxf5 21. exf5 Ne2 22. Rg4 Rgf8 23. d4 c5 24. Bxe2 cxd4 25. Rxd4 Rfd8 26. Bd3 1-0

[Event "Twente Young Master op-D"]
[Site "Twente"]
[Date "2007.08.10"]
[Round "10"]
[White "Lootens, Matthias"]
[Black "De Mon, Gino"]
[Result "1-0"]
[WhiteElo "1398"]
[BlackElo "1207"]
[PlyCount "67"]
[EventDate "2007.08.06"]
[EventType "swiss"]
[EventRounds "13"]
[EventCountry "NED"]
[SourceTitle "EXT 2008"]
[Source "ChessBase"]
[SourceDate "2007.11.25"]
[SourceVersion "1"]
[SourceVersionDate "2007.11.25"]
[SourceQuality "1"]

1. e4 e5 2. Nf3 Nc6 3. Bc4 Nf6 4. d3 Be7 5. Be3 d5 6. exd5 Nxd5 7. Bxd5 Qxd5 8. Nc3 Qa5 9. Nd2 Bb4 10. Ne2 Bxd2+ 11. Bxd2 Qa4 12. Nc3 Qg4 13. Qxg4 Bxg4 14. Be3 0-0 15. 0-0 Nd4 16. Bxd4 exd4 17. Nb5 Rfd8 18. Rfe1 a6 19. Na3 b5 20. Nb1 Re8 21. Nd2 f5 22. Nb3 Red8 23. Re5 a5 24. Rxb5 a4 25. Nd2 Rab8 26. Rxb8 Rxb8 27. b3 axb3 28. axb3 Re8 29. f3 Re2 30. Nf1 Bh5 31. Ng3 Rxc2 32. Nxf5 Rc3 33. Ra8+ Kf7 34. Ra7 1-0

[Event "NED-ch U13"]
[Site "Rijswijk"]
[Date "2007.05.19"]
[Round "8"]
[White "De Mon, Gino"]
[Black "Van Driel, Dennis"]
[Result "1-0"]
[WhiteElo "1228"]
[BlackElo "1216"]
[PlyCount "97"]
[EventDate "2007.05.17"]
[EventType "swiss"]
[EventRounds "9"]
[EventCountry "NED"]
[SourceTitle "EXT 2009"]
[Source "ChessBase"]
[SourceDate "2008.11.26"]
[SourceVersion "1"]
[SourceVersionDate "2008.11.26"]
[SourceQuality "1"]

1. e4 e5 2. d4 Bd6 3. d5 Nf6 4. Nc3 0-0 5. Bd3 Bc5 6. Nf3 Ng4 7. 0-0 Nxf2 8. Rxf2 Bxf2+ 9. Kxf2 d6 10. Be3 h6 11. g3 Bh3 12. Qd2 c6 13. Bxh6 Qf6 14. Bg5 Qg6 15. Nh4 Qh5 16. Be2 Bg4 17. Be7 Re8 18. Bxd6 Bxe2 19. Qxe2 Qxe2+ 20. Kxe2 cxd5 21. Nxd5 Rc8 22. Ne7+ Kh7 23. Nxc8 Nc6 24. Ne7 Nxe7 25. Bxe7 f6 26. Rd1 Rc8 27. c3 Rc4 28. Ke3 Rc7 29. Nf5 g6 30. Bd6 Rd7 31. Nh6 Kxh6 32. Bf8+ Kg5 33. Rxd7 f5 34. h4+ Kh5 35. exf5 gxf5 36. Kf3 Kg6 37. Rxb7 Kf6 38. Rxa7 Ke6 39. c4 f4 40. g4 Kf6 41. Bg7+ Ke6 42. Bf8 Kf6 43. Re7 e4+ 44. Kxf4 Kg6 45. Kxe4 Kf6 46. Kf4 Kg6 47. g5 Kh5 48. Re6 Kxh4 49. Rh6# 1-0

[Event "NED-ch U13"]
[Site "Rijswijk"]
[Date "2007.05.18"]
[Round "6"]
[White "De Mon, Gino"]
[Black "Evengroen, Bernard"]
[Result "0-1"]
[WhiteElo "1228"]
[BlackElo "1364"]
[PlyCount "60"]
[EventDate "2007.05.17"]
[EventType "swiss"]
[EventRounds "9"]
[EventCountry "NED"]
[SourceTitle "EXT 2009"]
[Source "ChessBase"]
[SourceDate "2008.11.26"]
[SourceVersion "1"]
[SourceVersionDate "2008.11.26"]
[SourceQuality "1"]

1. e4 c5 2. Nf3 d6 3. d4 cxd4 4. Nxd4 Nc6 5. Bb5 Bd7 6. Nxc6 bxc6 7. Ba6 Nf6 8. Nc3 g6 9. 0-0 Bg7 10. Be3 0-0 11. Qd2 Rb8 12. b3 Ng4 13. Be2 Qa5 14. Bxg4 Bxc3 15. Qd3 Bxg4 16. Rac1 Bg7 17. a4 Rfd8 18. f3 Be6 19. Rcd1 f5 20. f4 fxe4 21. Qxe4 Qf5 22. Qxf5 Bxf5 23. Bxa7 Bxc2 24. Rc1 Rb7 25. Rxc2 Rxa7 26. Rxc6 Rb8 27. f5 Bd4+ 28. Kh1 Bc5 29. fxg6 hxg6 30. Rf3 Rab7 0-1

[Event "NED-ch U13"]
[Site "Rijswijk"]
[Date "2007.05.17"]
[Round "2"]
[White "De Mon, Gino"]
[Black "Pries, Joris"]
[Result "0-1"]
[WhiteElo "1228"]
[BlackElo "1387"]
[PlyCount "98"]
[EventDate "2007.05.17"]
[EventType "swiss"]
[EventRounds "9"]
[EventCountry "NED"]
[SourceTitle "EXT 2009"]
[Source "ChessBase"]
[SourceDate "2008.11.26"]
[SourceVersion "1"]
[SourceVersionDate "2008.11.26"]
[SourceQuality "1"]

1. e4 e5 2. f4 exf4 3. Nf3 Be7 4. Bc4 Bh4+ 5. g3 fxg3 6. Kf1 Nc6 7. hxg3 Bxg3 8. Rg1 Bd6 9. Ne1 Qf6+ 10. Qf3 Be5 11. c3 Qxf3+ 12. Nxf3 Bf6 13. d4 g6 14. Bg5 Bxg5 15. Nxg5 Nh6 16. Rh1 Na5 17. Bd3 Ng4 18. Nxh7 Ke7 19. Rh3 Nf6 20. Ng5 Rxh3 21. Nxh3 d5 22. Ng5 dxe4 23. Nxe4 Nxe4 24. Bxe4 Nc4 25. b3 Nd6 26. Nd2 Nxe4 27. Nxe4 Bf5 28. Re1 Bxe4 29. Rxe4+ Kd7 30. Kf2 Re8 31. Rxe8 Kxe8 32. Kf3 g5 33. c4 f5 34. b4 g4+ 35. Kf4 Kd7 36. a4 Kc6 37. a5 b6 38. b5+ Kb7 39. a6+ Kc8 40. c5 bxc5 41. dxc5 c6 42. b6 axb6 43. a7 Kb7 44. cxb6 c5 45. Ke3 c4 46. Kd4 c3 47. Kxc3 g3 48. Kd4 g2 49. Ke5 g1Q 0-1